00197nam a2200085Ia 4500008004100000100001500041245001600056260003000072260000900102170620s9999 xx 000 0 und d aSINGH- S P 0aLAW OF TORT bUniversal Law Publication c2007